|
|
|
|
| LEADER |
00846nam a2200229 a 4500 |
| 001 |
4124695 |
| 008 |
100408s1977 nyu b 001 0 eng d |
| 010 |
|
|
|a 76014963
|
| 020 |
|
|
|a 0070347387
|
| 040 |
|
|
|a DLC
|c DLC
|d DLC
|d BD-DhAAL
|
| 082 |
0 |
0 |
|a 301/.01
|2 18
|
| 100 |
1 |
|
|a Kinloch, Graham Charles.
|
| 245 |
1 |
0 |
|a Sociological theory :
|b its development and major paradigms /
|c Graham C. Kinloch.
|
| 260 |
|
|
|a New York :
|b McGraw-Hill,
|c c1977.
|
| 300 |
|
|
|a x, 319 p. ;
|c 24 cm.
|
| 504 |
|
|
|a Includes Bibliography (p. 304-311.) and index.
|
| 541 |
1 |
|
|e 00009641
|
| 500 |
|
|
|a Includes index.
|
| 650 |
|
0 |
|a Sociology.
|
| 852 |
4 |
|
|a Ayesha Abed Library
|j General shelf
|
| 999 |
|
|
|c 8045
|d 8045
|
| 952 |
|
|
|0 0
|1 0
|2 ddc
|4 0
|6 301_010000000000000_KIN_1977
|7 0
|9 9133
|a BRACUL
|b BRACUL
|c GEN
|d 2010-04-08
|l 2
|m 8
|o 301.01 KIN
|p 3010009641
|r 2024-07-04
|s 2024-06-30
|t 1
|w 2010-04-08
|y BK
|